[Event "Alvise Zichichi mem 7th"]
[Site "Ladispoli"]
[Date "2009.09.27"]
[Round "8"]
[White "Bruno, Antonino"]
[Black "Carnicelli, Valerio"]
[Result "0-1"]
[WhiteElo "1509"]
[BlackElo "1751"]
[PlyCount "120"]
[EventDate "2009.09.19"]
[EventType "swiss"]
[EventRounds "8"]
[EventCountry "ITA"]
[SourceTitle "EXT 2012"]
[Source "ChessBase"]
[SourceDate "2011.11.24"]
[SourceVersion "1"]
[SourceVersionDate "2011.11.24"]
[SourceQuality "1"]

1. e4 e5 2. Bc4 Nf6 3. d4 exd4 4. Nf3 Bc5 5. e5 d5 6. Bb3 Nfd7 7. Bxd5 Nxe5 8. Nxe5 Qxd5 9. 0-0 0-0 10. Bf4 Be6 11. Nd2 Nd7 12. Nd3 Bd6 13. Bxd6 Qxd6 14. Ne4 Qb6 15. Qh5 Bc4 16. Rfd1 Bxd3 17. Rxd3 Rae8 18. Rh3 h6 19. Qg4 Qxb2 20. Rf1 Qxc2 21. Rg3 g6 22. Qxd7 Rxe4 23. Qh3 Kh7 24. a3 Rfe8 25. Qd7 R8e7 26. Qb5 Re1 27. h3 Rxf1+ 28. Qxf1 Qd2 29. Kh2 Qf4 30. Kg1 Qe5 31. Rf3 Kg7 32. Qd3 Qd6 33. g3 c5 34. Qc4 Qc6 35. Kg2 b5 36. Qd3 a6 37. Kh1 Qd5 38. Kg2 c4 39. Qd2 c3 40. Qf4 d3 41. Qf6+ Kg8 42. Qxe7 d2 43. Qe8+ Kg7 44. Qe3 d1Q 45. Qxc3+ Kh7 46. Qf6 Q1b3 47. h4 Qdxf3+ 48. Qxf3 Qxf3+ 49. Kxf3 a5 50. Ke4 b4 51. axb4 axb4 52. Kd3 Kg7 53. Kc4 Kf6 54. Kxb4 Kf5 55. Kc3 Kg4 56. Kd4 Kf3 57. Ke5 Kxf2 58. g4 Kg3 59. g5 h5 60. Kf6 Kxh4 0-1

[Event "Alvise Zichichi mem 7th"]
[Site "Ladispoli"]
[Date "2009.09.20"]
[Round "3"]
[White "Placchetta, Omero"]
[Black "Bruno, Antonino"]
[Result "1-0"]
[WhiteElo "1719"]
[BlackElo "1509"]
[PlyCount "135"]
[EventDate "2009.09.19"]
[EventType "swiss"]
[EventRounds "8"]
[EventCountry "ITA"]
[SourceTitle "EXT 2012"]
[Source "ChessBase"]
[SourceDate "2011.11.24"]
[SourceVersion "1"]
[SourceVersionDate "2011.11.24"]
[SourceQuality "1"]

1. e4 e5 2. Nf3 Nc6 3. Bb5 Nf6 4. Bxc6 dxc6 5. d3 Bd6 6. Bg5 Qe7 7. 0-0 Bg4 8. h3 Bh5 9. g4 Bg6 10. Nh4 Qe6 11. Nf5 Bxf5 12. exf5 Qd5 13. Nc3 Qa5 14. Bxf6 gxf6 15. Ne4 Be7 16. a3 0-0-0 17. b4 Qd5 18. Nc3 Qd4 19. Ne2 Qd5 20. Ng3 Qd4 21. Qd2 h6 22. Rad1 Qd5 23. c4 Qf3 24. Qe3 Qxe3 25. fxe3 Rd7 26. Rf2 Rhd8 27. Rfd2 c5 28. b5 Rd6 29. a4 b6 30. Ne4 R6d7 31. Nc3 Rd6 32. Nd5 Bf8 33. Ra1 Kb7 34. a5 R8d7 35. Rda2 Kb8 36. axb6 cxb6 37. Rg2 Be7 38. h4 Bd8 39. g5 hxg5 40. hxg5 fxg5 41. Rh2 f6 42. Kf2 Rxd5 43. cxd5 Rxd5 44. Ke2 Be7 45. Rh7 Rd7 46. Rah1 Kc7 47. Rf7 Kd6 48. Rhh7 Rc7 49. Kf3 Rd7 50. e4 Rc7 51. Rh8 Rd7 52. Rc8 Rd8 53. Rxd8+ Bxd8 54. Rxa7 Bc7 55. Kg4 Bd8 56. Kh5 Be7 57. Ra8 Kd7 58. Rg8 Kd6 59. Kg6 Kd7 60. Kf7 Bd8 61. Rg7 Kd6 62. Ke8 c4 63. dxc4 Kc5 64. Kxd8 Kxc4 65. Ke7 Kxb5 66. Kxf6 Kc4 67. Kxe5 b5 68. Rxg5 1-0

[Event "Zichichi Memorial"]
[Site "Ladispoli"]
[Date "2008.05.??"]
[Round "2"]
[White "Bruno, Antonino"]
[Black "Attanasi, Salvatore"]
[Result "0-1"]
[WhiteElo "1551"]
[BlackElo "1802"]
[PlyCount "108"]
[EventDate "2008.05.01"]
[EventType "swiss"]
[EventRounds "7"]
[EventCountry "ITA"]
[SourceTitle "EXT 2009"]
[Source "ChessBase"]
[SourceDate "2008.11.26"]
[SourceVersion "1"]
[SourceVersionDate "2008.11.26"]
[SourceQuality "1"]

1. e4 e6 2. d4 d5 3. exd5 exd5 4. Nf3 Nf6 5. Be2 Bd6 6. Bg5 Be6 7. Nc3 Nbd7 8. Qd3 c6 9. h3 Qc7 10. Nd2 h6 11. Bh4 g5 12. Bg3 Bxg3 13. fxg3 0-0-0 14. 0-0-0 Ne8 15. g4 Nd6 16. Bf3 f5 17. gxf5 Bxf5 18. Qe3 Rde8 19. Qf2 Rhf8 20. Qg3 Nb6 21. Bg4 Bxg4 22. Qxg4+ Qd7 23. Qxd7+ Kxd7 24. Nf3 Nbc4 25. Rde1 Nf5 26. Ne5+ Nxe5 27. dxe5 Ng3 28. Rhg1 Rf2 29. Nd1 Rf5 30. Re3 Ne4 31. Nc3 Nxc3 32. bxc3 Rfxe5 33. Rxe5 Rxe5 34. Kd2 Rf5 35. Ke2 Rf4 36. g3 Rf6 37. Rd1 b5 38. Rd4 Kd6 39. h4 gxh4 40. Rxh4 Kc5 41. a3 Kd6 42. Ke3 Ke6 43. a4 a6 44. Ke2 Kf7 45. Ke3 Kg7 46. Ke2 Re6+ 47. Kf3 Re1 48. axb5 axb5 49. Rd4 Ra1 50. Ke2 Ra4 51. Kd3 Kf6 52. Rxa4 bxa4 53. c4 a3 54. Kc3 dxc4 0-1